| 000 | 00559nam a22001937a 4500 | ||
|---|---|---|---|
| 003 | OSt | ||
| 005 | 20180116183049.0 | ||
| 008 | 160726b xxu||||| |||| 00| 0 eng d | ||
| 020 | _a9780023399312 | ||
| 040 | _c0 | ||
| 082 | _a519.5 GRO 1993 | ||
| 100 | _aDavid F.Groebner | ||
| 245 |
_aStudy Guide to Accompany Business Statistics: _bA Decision-Making Approach _cDavid F.Groebner |
||
| 250 | _a4th edition | ||
| 260 |
_aNew York _bMacmillan _c1993 |
||
| 300 |
_a311 p. _bPB |
||
| 440 | _aStudy Guide to Accompany Business Statistics: | ||
| 942 |
_2ddc _cBK |
||
| 999 |
_c351540 _d351540 |
||